موسوعة المرافعات الإدارية في قضاء مجلس الدولة. (Record no. 52262)
[ view plain ]
| 000 -LEADER | |
|---|---|
| fixed length control field | 01484nam a2200325 i 4500 |
| 003 - CONTROL NUMBER IDENTIFIER | |
| control field | EG-GICUC |
| 005 - DATE AND TIME OF LATEST TRANSACTION | |
| control field | 20260121101534.0 |
| 008 - FIXED-LENGTH DATA ELEMENTS--GENERAL INFORMATION | |
| fixed length control field | 251223s2016 ua d|||fr|||| 00| 0 ara d |
| 017 ## - COPYRIGHT OR LEGAL DEPOSIT NUMBER | |
| Copyright or legal deposit number | ٢٣١٨٥ / ٢٠١٥ |
| 020 ## - INTERNATIONAL STANDARD BOOK NUMBER | |
| International Standard Book Number | 978-977-90-3434-8 |
| 040 ## - CATALOGING SOURCE | |
| Original cataloging agency | EG-GICUC |
| Language of cataloging | ara |
| Transcribing agency | EG-GICUC |
| Modifying agency | EG-GICUC |
| Description conventions | rda |
| 041 0# - LANGUAGE CODE | |
| Language code of text/sound track or separate title | ara |
| 082 04 - DEWEY DECIMAL CLASSIFICATION NUMBER | |
| Edition number | 21 |
| Classification number | 345.822377 |
| Item number | ح م . أ |
| 092 04 - LOCALLY ASSIGNED DEWEY CALL NUMBER (OCLC) | |
| Edition number | 21 |
| 099 ## - LOCAL FREE-TEXT CALL NUMBER (OCLC) | |
| Classification number | Law1 07 345.822377 ح م . أ 2016 |
| 100 0# - MAIN ENTRY--PERSONAL NAME | |
| Personal name | حمدي ياسين عكاشة |
| Relator term | مؤلف. |
| 245 12 - TITLE STATEMENT | |
| Title | موسوعة المرافعات الإدارية في قضاء مجلس الدولة. |
| Number of part/section of a work | الكتاب الرابع، |
| Name of part/section of a work | الدفوع الإدارية أمام محاكم مجلس الدولة. |
| Number of part/section of a work | المجلد الثاني، |
| Name of part/section of a work | الدفع بالتحكيم ودفوع الأهلية والحجية والدستورية والتزوير / |
| Statement of responsibility, etc. | المستشار حمدي ياسين عكاشة. |
| 264 #3 - PRODUCTION, PUBLICATION, DISTRIBUTION, MANUFACTURE, AND COPYRIGHT NOTICE | |
| Place of production, publication, distribution, manufacture | القاهرة : |
| Name of producer, publisher, distributor, manufacturer | دار أبو المجد، |
| Date of production, publication, distribution, manufacture, or copyright notice | 2016. |
| 300 ## - PHYSICAL DESCRIPTION | |
| Extent | 1816 صفحة : |
| Other physical details | إيضاحيات؛ |
| Dimensions | 24 سم. |
| 336 ## - CONTENT TYPE | |
| Source | rda content |
| Content type term | text |
| 337 ## - MEDIA TYPE | |
| Source | rda media |
| Media type term | Computer |
| 338 ## - CARRIER TYPE | |
| Source | rda carrier |
| Carrier type term | Online Resource |
| 504 ## - BIBLIOGRAPHY, ETC. NOTE | |
| Bibliography, etc. note | يشتمل على إرجاعات ببليوجرافية. |
| 546 ## - LANGUAGE NOTE | |
| Language note | النص باللغة العربية |
| 650 14 - SUBJECT ADDED ENTRY--TOPICAL TERM | |
| Topical term or geographic name entry element | طرق اللطعن في الاحكام الإدارية |
| 650 14 - SUBJECT ADDED ENTRY--TOPICAL TERM | |
| Topical term or geographic name entry element | القانون الإداري |
| 856 40 - ELECTRONIC LOCATION AND ACCESS | |
| Uniform Resource Identifier | <a href="https://fll.law.cu.edu.eg/fulltext/bks/B07-01163.pdf">https://fll.law.cu.edu.eg/fulltext/bks/B07-01163.pdf</a> |
| 905 ## - Cataloger and Reviser Names | |
| Cataloger Name: | Sara El-Gendy |
| 942 ## - ADDED ENTRY ELEMENTS (KOHA) | |
| Source of classification or shelving scheme | Dewey Decimal Classification |
| Koha item type | Books |
| Edition | 21 |
| Suppress in OPAC | No |
| Withdrawn status | Lost status | Source of classification or shelving scheme | Materials specified (bound volume or other part) | Damaged status | Not for loan | Collection | Home library | Current library | Date acquired | Total checkouts | Full call number | Barcode | Date last seen | Copy number | Price effective from | Koha item type |
|---|---|---|---|---|---|---|---|---|---|---|---|---|---|---|---|---|
| Dewey Decimal Classification | V4, P2 | Not for loan | القانون الإداري | جــــامعة القــاهرة | مكتبة كلية الحقوق - المبنى الرئيسي | 23.12.2025 | Law1 07 ح م . أ 345.822377 ed - 2016 0701163 V4, P2, C1 | B07-01163 | 23.12.2025 | 1 | 23.12.2025 | Books |